00357nam a2200109Ia 450000500170000000800410001710000390005824500870009726000390018430000110022365000130023420260328101513.0260328s9999||||xx |||||||||||||| ||und|| aSociedad Colombiana de Arquitectos 0aAnuario de la Arquitectura en Colombia (XII) /cSociedad Colombiana de Arquitectos bSociedad Colombiana de Arquitectos a293 p. aSIGLO XX